LEADER 01923nam a2200361 u 4500 001 000000051397 003 CaOOAMICUS 005 20070226115331.0 008 000915s1968 enka u000 u eng u 035 $a10855624 040 $aPUL(R)$bita 100 1 $aTrevelyan, George Macaulay,$d1876-1962.$0(OLS)http://pul/name/21754 245 10$aIllustrated English social history /$cG. M. Trevelyan. 260 $aHarmondsworth :$bPelican books,$c1968. 300 $a4 v. :$bill., ;$c18 cm 490 1 $aPelican book 500 $aInclude indici. 505 0 $aVolume one: Chaucer's England and the early Tudors. -- Volume two: The age of Shakespeare and the Stuart period. -- Volume three: The eighteenth century. -- Volume four: The nineteenth century. 651 4$aGran Bretagna$xStoria sociale.$0(OLS)http://pul/subject/21610 651 4$aGran Bretagna$xVita e costumi sociali.$0(OLS)http://pul/subject/21611 830 0$aPelican book.$0(OLS)http://pul/title/6982 850 $aPUL 852 $aPUL$W1$xDP1 Fondo Ciprotti$y59$m1538 B 16-19$j68071$nBK-PRI$b $qFondi$B68071$CPULBib$Z2$F68071 $H $81 852 $aPUL$W1$xDP1 Fondo Ciprotti$y59$m1538 B 16-19$j68071$nBK-PRI$b $qFondi$B68072$CPULBib$Z2$F68072 $H $81 852 $aPUL$W1$xDP1 Fondo Ciprotti$y59$m1538 B 16-19$j68071$nBK-PRI$b $qFondi$B68073$CPULBib$Z2$F68073 $H $81 852 $aPUL$W1$xDP1 Fondo Ciprotti$y59$m1538 B 16-19$j68071$nBK-PRI$b $qFondi$B68074$CPULBib$Z2$F68074 $H $81 941 1 $a1 961 $aINV: Fondo Ciprotti 961 $aINV: Fondo Ciprotti 961 $aINV: Fondo Ciprotti 961 $aINV: Fondo Ciprotti 996 $6245$aIllustrated English social history$9(OLS)http://pul/title/69078 996 $6260$aHarmondsworth :$bPelican books$9(OLS)http://pul/publisher/68015 LEADER 01386nam a2200337 a 4500 001 000000155400 003 CaOOAMICUS 005 20161024110926.0 008 161024s2016 bl u000 u por r 020 $a978-85-356-4205-6* 032 $aLibriCat 040 $aPUL$bita 041 1 $apor$hita 082 04$a271.302 100 1 $aPasquale, Gianluigi,$cO.F.M. Cap.,$d1967-$0(OLS)http://pul/name/54223 240 10$aSan Francesco d'Assisi.$lPortoghese.$0(OLS)http://pul/title/195059 245 10$aFrancisco :$bo arauto de Deus /$cGianluigi Pasquale. 260 $aSan Paulo :$bPaulinas,$c©2016. 300 $a157 p. ;$c20 cm. 490 1 $aColeção em busca de Deus 504 $aBibliografia in nota. 600 04$aFranciscus Assisiensis,$cs.,$d1182-1226$xCritica e interpretazione.$0(OLS)http://pul/subject/1316 830 0$aColeção em busca de Deus.$0(OLS)http://pul/title/195060 850 $aPUL 852 $aPUL$W1$xSL Religione 3$y85$m271. 302 PASGI 4$j178511$qDDC 21$B181699$CPULBib$Z2$F181699 $H128281 $81 941 1 $a9 996 $6020$a978-85-356-4205-6*$9(OLS)http://pul/number/161384 996 $6082$a271.302$9(OLS)http://pul/classification/2357 996 $6245$aFrancisco :$bo arauto de Deus$9(OLS)http://pul/title/195058 996 $6260$aSan Paulo :$bPaulinas$9(OLS)http://pul/publisher/70709